Statistics for 2024 New York Yankees Opening Day Roster

Click here to take the quiz!

General Stats

  • This quiz has been taken 26 times
  • The average score is 19 of 26

Answer Stats

#Answer% Correct
99Aaron Judge
100%
24Alex Verdugo
95%
25Gleyber Torres
95%
39Jose Trevino
95%
65Nestor Cortes
95%
11Anthony Volpe
91%
28Austin Wells
91%
27Giancarlo Stanton
91%
22Juan Soto
91%
0Marcus Stroman
91%
95Oswaldo Cabrera
91%
48Anthony Rizzo
86%
55Carlos Rodón
82%
35Clay Holmes
82%
81Luis Gil
82%
36Clarke Schmidt
77%
71Ian Hamilton
73%
12Trent Grisham
68%
43Jonathan Loáisiga
64%
19Jon Berti
59%
47Victor González
50%
14Jahmai Jones
45%
57Nick Burdi
45%
30Luke Weaver
36%
64Caleb Ferguson
32%
29Clayton Beeter
32%

Score Distribution

Percentile by Number Answered

Percent of People with Each Score

Your Score History

You have not taken this quiz